Missing Word: Musicians' 1st Word (A-Z) Quiz Stats

 Plays Quiz Updated Nov 21, 2016

Challenge
Share
Tweet
Embed
Score 0/24 Timer 03:00
1 Play Today
Musician Missing Word % Correct
________ PartonDolly
96.3%
________ CobainKurt
94.5%
________ JohnElton
93.8%
________ GayeMarvin
93.7%
________ KravitzLenny
93.2%
________ MinajNicki
90%
________ MarsBruno
89.3%
________ MorrisonVan
87.2%
________ NelsonWillie
85.7%
________ ReddingOtis
82.1%
________ PopIggy
82%
________ LaBellePatti
76.9%
Musician Missing Word % Correct
________ JonesQuincy
73.9%
________ RidaFlo
72.6%
________ KeithToby
70.2%
________ MarleyZiggy
69.6%
________ WilliamsHank/Hayley
66.4%
________ RoseAxl
65.5%
________ KhanChaka
65.2%
________ LightfootGordon
58.9%
________ FelicianoJosé
55.5%
________ JeezyYoung
47.2%
________ LionSnoop
24.7%
________ BlackRebecca
14.8%

Today's Daily Dose

You're not logged in!

Compare scores with friends on all Sporcle quizzes.
OR
Log In

You Might Also Like...

Show Comments

Extras

Top Quizzes Today


Score Distribution

Your Account Isn't Verified!

In order to create a playlist on Sporcle, you need to verify the email address you used during registration. Go to your Sporcle Settings to finish the process.

Report this User

Report this user for behavior that violates our Community Guidelines.

Details: